Make way : (Record no. 117832)
[ view plain ]
| 000 -LEADER | |
|---|---|
| fixed length control field | 00600nam a2200169Ia 4500 |
| 008 - FIXED-LENGTH DATA ELEMENTS--GENERAL INFORMATION | |
| fixed length control field | 140529s9999 xx 000 0 und d |
| 020 ## - INTERNATIONAL STANDARD BOOK NUMBER | |
| International Standard Book Number | 9780860659341 |
| 050 ## - LIBRARY OF CONGRESS CALL NUMBER | |
| Classification number | BV 4509.5 |
| Item number | .K38 1991 |
| 100 ## - MAIN ENTRY--PERSONAL NAME | |
| Personal name | Kendrick, Graham. |
| 245 ## - TITLE STATEMENT | |
| Title | Make way : |
| Remainder of title | public praise : handbook & street songs from : shine, Jesus, shine, a carnival of praise, the gift and the cross / |
| Statement of responsibility, etc | Graham Kendrick |
| 260 ## - PUBLICATION, DISTRIBUTION, ETC. (IMPRINT) | |
| Place of publication, distribution, etc | Eastbourne, UK : |
| Name of publisher, distributor, etc | Make Way Music, |
| Date of publication, distribution, etc | c1991. |
| 300 ## - PHYSICAL DESCRIPTION | |
| Extent | 219 p. ; |
| Dimensions | 24 cm. |
| 521 ## - TARGET AUDIENCE NOTE | |
| Target audience note | |
| 650 ## - SUBJECT ADDED ENTRY--TOPICAL TERM | |
| Topical term or geographic name as entry element | Witness bearing (Christianity) |
| General subdivision | Handbooks, manuals, etc. |
| 942 ## - ADDED ENTRY ELEMENTS (KOHA) | |
| Call number prefix | Foreign |
| Koha item type | Books |
| Withdrawn status | Lost status | Damaged status | Home library | Current library | Shelving location | Date acquired | Cost, normal purchase price | Total Checkouts | Full call number | Barcode | Date last seen | Price effective from | Koha item type |
|---|---|---|---|---|---|---|---|---|---|---|---|---|---|
| College Library | College Library | General Circulation Section | 05/30/2014 | 700.00 | BV 4509.5 .K38 1991 | C0798 | 05/15/2018 | 05/30/2014 | Books |